[Event "59th World Juniors 2022"]
[Site "Cala Gonone ITA"]
[Date "2022.10.21"]
[Round "10.10"]
[White "Kosakowski, Jakub"]
[Black "Batsuren, Dambasuren"]
[Result "1/2-1/2"]
[WhiteTitle "IM"]
[BlackTitle "GM"]
[WhiteElo "2465"]
[BlackElo "2522"]
[WhiteFideId "1185080"]
[BlackFideId "4902920"]
[EventDate "2022.10.12"]

1. e4 e5 2. Nf3 Nc6 3. d4 exd4 4. Nxd4 Nf6 5. Nxc6 bxc6 6. Bd3 d5 7. exd5 cxd5
8. O-O Be7 9. h3 O-O 10. Re1 Be6 11. Nd2 h6 12. b3 Nd7 13. Bb2 Bf6 14. Bxf6 Qxf6
15. Nf3 c5 16. a3 Rab8 17. Bf1 Rfd8 18. Qe2 Bf5 19. Rad1 Be4 20. Nh2 Qc3 21. Ng4
h5 22. Ne3 Nf6 23. Qd2 Qxd2 24. Rxd2 Re8 25. c3 a5 26. a4 Re5 27. Bb5 Bf5 28.
Rde2 Bd7 29. Bxd7 Nxd7 30. f4 Re4 31. Nxd5 Rxe2 32. Rxe2 Rxb3 33. Re8+ Kh7 34.
Rc8 Kg6 35. Rc7 Nf6 36. Nxf6 Kxf6 37. Rxc5 h4 38. Kf2 Ra3 39. Rxa5 Rxc3 40. Ra6+
Kf5 41. Ra7 Ke6 42. Ra5 Kf6 43. Rh5 Rc4 44. Rxh4 Rxa4 45. Kg3 Ra3+ 46. Kg4 Ra2
47. g3 Ra3 48. Rh5 Kg6 49. Rb5 f5+ 50. Kh4 Rf3 51. Rb8 Kh7 52. Rb6 g6 53. g4
fxg4 54. Kxg4 Ra3 55. Re6 Kg7 56. Rb6 Ra1 57. Rb3 Kf6 58. Kf3 Kf5 59. Rb5+ Kf6
60. h4 Rf1+ 61. Kg3 Rg1+ 62. Kf2 Rh1 63. h5 Rxh5 64. Rxh5 gxh5 65. Kg3 1/2-1/2

[Event "59th World Juniors 2022"]
[Site "Cala Gonone ITA"]
[Date "2022.10.21"]
[Round "10.11"]
[White "Murzin, Volodar"]
[Black "Moksh, Amit Doshi"]
[Result "1-0"]
[WhiteTitle "IM"]
[BlackTitle "IM"]
[WhiteElo "2557"]
[BlackElo "2430"]
[WhiteFideId "44155573"]
[BlackFideId "25064967"]
[EventDate "2022.10.12"]

1. e4 e5 2. Nf3 Nc6 3. Bb5 a6 4. Ba4 Nf6 5. O-O Be7 6. d3 b5 7. Bb3 d6 8. a3 O-O
9. Nc3 Na5 10. Ba2 Be6 11. b4 Bxa2 12. Rxa2 Nc6 13. Bg5 Ng4 14. Bd2 Nf6 15. Re1
Qd7 16. Qb1 Rfb8 17. Qb2 a5 18. Nd5 Bd8 19. Qb3 h6 20. h3 Nxd5 21. exd5 Ne7 22.
d4 axb4 23. Bxb4 exd4 24. Nxd4 c5 25. dxc6 Nxc6 26. Nxc6 Qxc6 27. Rd1 Be7 28. c3
Rc8 29. Re2 Ra7 30. Rd5 Rb7 31. Qd1 Rd8 32. Re3 Bf8 33. Qd3 Rc8 34. Kh2 Qc4 35.
Qxc4 bxc4 36. Kg3 g6 37. Kf3 h5 38. g4 hxg4+ 39. hxg4 Ra7 40. Ke2 Bh6 41. g5 Bf8
42. f4 Be7 43. Kf3 Bf8 44. Re4 Ra6 45. Ke3 Bg7 46. Kd2 Bf8 47. Kc2 Kg7 48. Kd2
Kg8 49. Rdd4 Rb8 50. Ke3 Rba8 51. Kf3 Rb6 52. Rd5 Rc6 53. Ke3 Kg7 54. Kd4 Rc7
55. Rb5 Be7 56. Kd5 Rh8 57. Ba5 1-0

[Event "59th World Juniors 2022"]
[Site "Cala Gonone ITA"]
[Date "2022.10.21"]
[Round "10.12"]
[White "Davtyan, Artur"]
[Black "Ghimpu, Samuel-Timotei"]
[Result "1-0"]
[WhiteTitle "IM"]
[BlackTitle "FM"]
[WhiteElo "2517"]
[BlackElo "2434"]
[WhiteFideId "13308327"]
[BlackFideId "1238175"]
[EventDate "2022.10.12"]

1. d4 Nf6 2. c4 e6 3. Nc3 d5 4. cxd5 Nxd5 5. e4 Nxc3 6. bxc3 c5 7. Rb1 Be7 8.
Nf3 O-O 9. Bc4 Qc7 10. Qe2 a6 11. Bd3 b5 12. h4 Bb7 13. e5 cxd4 14. cxd4 Bd5 15.
Bd2 f5 16. exf6 Bxf6 17. Ng5 Bxg5 18. Bxh7+ Kxh7 19. hxg5+ Kg8 20. Qh5 Qc2 21.
Rc1 Qe4+ 22. Be3 Qxg2 23. Qh8+ Kf7 24. Rc7+ Nd7 25. Rxd7+ Kg6 26. Qh7# 1-0

[Event "59th World Juniors 2022"]
[Site "Cala Gonone ITA"]
[Date "2022.10.21"]
[Round "10.13"]
[White "Blohberger, Felix"]
[Black "Sokolovsky, Yahli"]
[Result "1-0"]
[WhiteTitle "GM"]
[BlackTitle "FM"]
[WhiteElo "2493"]
[BlackElo "2416"]
[WhiteFideId "1632051"]
[BlackFideId "2820242"]
[EventDate "2022.10.12"]

1. c4 c6 2. Nf3 d5 3. e3 Nf6 4. b3 e6 5. Bb2 Bd6 6. d4 Ne4 7. Be2 Qa5+ 8. Nfd2
O-O 9. O-O f5 10. c5 Be7 11. f4 Nd7 12. Nxe4 dxe4 13. Nd2 Qc7 14. b4 Nf6 15. Nc4
Nd5 16. Qd2 b5 17. Ne5 Rb8 18. a4 a6 19. Ra2 Bf6 20. Bc3 Rd8 21. Qc1 Bb7 22. Kh1
g5 23. g4 Bc8 24. Be1 Rf8 25. axb5 axb5 26. Bd1 Bxe5 27. dxe5 fxg4 28. Bxg4 Kh8
29. Rg2 Qd8 30. Be2 gxf4 31. exf4 Rb7 32. Rg4 Rg7 33. Bh4 Qd7 34. Rfg1 Rxg4 35.
Rxg4 Qf7 36. Qg1 Qf5 37. Bg5 Rg8 38. Qg3 Rg6 39. h4 Bd7 40. h5 Rg8 41. Qh4 Qf8
42. h6 Rg6 43. Bf6+ Nxf6 44. Rxg6 hxg6 45. Qxf6+ Qxf6 46. exf6 Be8 47. Kg2 Kh7
48. Kf2 1-0

[Event "59th World Juniors 2022"]
[Site "Cala Gonone ITA"]
[Date "2022.10.21"]
[Round "10.14"]
[White "Boyer, Mahel"]
[Black "Samunenkov, Ihor"]
[Result "0-1"]
[WhiteTitle "IM"]
[BlackTitle "IM"]
[WhiteElo "2445"]
[BlackElo "2473"]
[WhiteFideId "45102422"]
[BlackFideId "14187086"]
[EventDate "2022.10.12"]

1. e4 c5 2. Nf3 Nc6 3. Bb5 e6 4. d4 cxd4 5. O-O Bc5 6. Nbd2 a6 7. Bxc6 bxc6 8.
e5 f5 9. Nc4 a5 10. Re1 Ba6 11. Bg5 Qb8 12. Nd6+ Kf8 13. Nxd4 h6 14. Qh5 Bxd6
15. exd6 Qe8 16. Qh4 Qg6 17. Be7+ Ke8 18. h3 Qf7 19. Rad1 Bc8 20. Bg5 Qg6 21.
Be7 Qf7 22. Bg5 Qg6 23. Bc1 c5 24. Ne2 Nf6 25. Nf4 Qg5 26. Qxg5 hxg5 27. Nd3 g4
28. hxg4 fxg4 29. Nxc5 Rh5 30. Be3 Kf7 31. c4 a4 32. b4 axb3 33. axb3 g3 34. Ra1
Rb8 35. Ra7 Ng4 36. Nxd7 Bxd7 37. Rxd7+ Kf6 38. f3 Nf2 39. Bd4+ e5 40. Bxf2 Rh1+
41. Kxh1 gxf2 42. Rf1 Rh8# 0-1

[Event "59th World Juniors 2022"]
[Site "Cala Gonone ITA"]
[Date "2022.10.21"]
[Round "10.15"]
[White "Gorshtein, Ido"]
[Black "Manish Anto, Cristiano F"]
[Result "1-0"]
[WhiteTitle "IM"]
[BlackTitle "IM"]
[WhiteElo "2471"]
[BlackElo "2332"]
[WhiteFideId "2815532"]
[BlackFideId "25095927"]
[EventDate "2022.10.12"]

1. c4 e5 2. g3 Nf6 3. Bg2 d5 4. cxd5 Nxd5 5. Nf3 Nc6 6. O-O Nb6 7. b3 Be6 8. Bb2
f6 9. Nc3 Qd7 10. Qc1 O-O-O 11. Rd1 Kb8 12. d4 Nxd4 13. Nxd4 exd4 14. Ne4 Qf7
15. Bxd4 Be7 16. Nc5 Bd5 17. e4 Bc6 18. Na6+ Ka8 19. Nxc7+ Kb8 20. Nd5 Nxd5 21.
exd5 Rxd5 22. Bxd5 Bxd5 23. Qe3 a6 24. Rac1 Ba3 25. Qf4+ Ka8 26. Rc7 Qh5 27. g4
Qg6 28. Be3 Bd6 29. Qd4 Kb8 30. Rcc1 Bc7 31. Qxd5 Qxg4+ 32. Qg2 Qe6 33. Rxc7
Kxc7 34. Qxg7+ Kc6 35. Rc1+ Kd5 36. Qxb7+ 1-0

[Event "59th World Juniors 2022"]
[Site "Cala Gonone ITA"]
[Date "2022.10.21"]
[Round "10.16"]
[White "Droin, Augustin"]
[Black "Stefansson, Vignir Vatnar"]
[Result "0-1"]
[WhiteTitle "FM"]
[BlackTitle "IM"]
[WhiteElo "2416"]
[BlackElo "2471"]
[WhiteFideId "45105987"]
[BlackFideId "2308649"]
[EventDate "2022.10.12"]

1. e4 e6 2. d4 d5 3. Nc3 Be7 4. e5 c5 5. Qg4 g5 6. Nf3 h5 7. Qg3 h4 8. Qg4 Nh6
9. Qh5 g4 10. Nd2 cxd4 11. Nb5 Nc6 12. Nb3 a6 13. N5xd4 Nxd4 14. Nxd4 Qb6 15.
Nb3 Bd7 16. Be2 Qb4+ 17. c3 Qe4 18. f3 gxf3 19. gxf3 Qg6 20. Qxg6 fxg6 21. Rg1
Kf7 22. Bg5 Rag8 23. Bd3 Bxg5 24. Rxg5 Ke7 25. f4 Rf8 26. Rxg6 Rxf4 27. Nc5 Bc8
28. Kd2 b6 29. Nxa6 Rf2+ 30. Ke3 Rhf8 31. Be2 Bxa6 0-1

[Event "59th World Juniors 2022"]
[Site "Cala Gonone ITA"]
[Date "2022.10.21"]
[Round "10.17"]
[White "Petriashvili, Nikoloz"]
[Black "Nogerbek, Kazybek"]
[Result "1/2-1/2"]
[WhiteTitle "IM"]
[BlackTitle "IM"]
[WhiteElo "2428"]
[BlackElo "2467"]
[WhiteFideId "13611216"]
[BlackFideId "13710427"]
[EventDate "2022.10.12"]

1. e4 c5 2. Nf3 Nc6 3. Bb5 e5 4. O-O Bd6 5. Re1 Nge7 6. c3 O-O 7. d4 cxd4 8.
cxd4 exd4 9. Nxd4 Bc5 10. Be3 Qb6 11. Bxc6 dxc6 12. Nc3 Qc7 13. Ne6 Bxe6 14.
Bxc5 Rfd8 15. Qh5 b6 16. Be3 Ng6 17. Red1 Rxd1+ 18. Rxd1 Rd8 19. f4 Rxd1+ 20.
Qxd1 Qe7 21. Qa4 b5 22. Qd4 f5 23. b4 fxe4 24. Qxe4 Qd7 25. Bc5 a6 26. h3 Bf5
27. Qf3 Bd3 28. Kh2 h5 29. Qxh5 Nxf4 30. Qe5 Nd5 31. Nxd5 Qxd5 32. Qg3 Be4 33.
a3 Qe6 34. Qf4 Bd5 35. Bd4 Qg6 36. Qf2 Qd6+ 37. Kg1 Qg6 38. Bb2 Qe4 39. Kh2 Qg6
40. Be5 Be4 41. g4 Qf7 42. Qxf7+ Kxf7 1/2-1/2

[Event "59th World Juniors 2022"]
[Site "Cala Gonone ITA"]
[Date "2022.10.21"]
[Round "10.18"]
[White "Stremavicius, Pijus"]
[Black "Prraneeth, Vuppala"]
[Result "1/2-1/2"]
[WhiteTitle "FM"]
[BlackTitle "IM"]
[WhiteElo "2363"]
[BlackElo "2451"]
[WhiteFideId "12812730"]
[BlackFideId "46622373"]
[EventDate "2022.10.12"]

1. d4 d5 2. Nf3 e6 3. g3 b6 4. Bg2 Bb7 5. O-O Nd7 6. c4 dxc4 7. Qa4 Nf6 8. Nc3
a6 9. Qxc4 b5 10. Qd3 c5 11. a3 Qb6 12. Be3 Ng4 13. dxc5 Nxc5 14. b4 Nxd3 15.
Bxb6 Nb2 16. h3 Nc4 17. Bd4 Nh6 18. g4 f6 19. Rfd1 Nf7 20. Nd2 Bxg2 21. Kxg2
Nxd2 22. Rxd2 Nd6 23. a4 Nc4 24. Rc2 e5 25. Bc5 Bxc5 26. bxc5 Kd7 27. axb5 axb5
28. Rxa8 Rxa8 29. Nxb5 Kc6 30. Rxc4 Kxb5 31. Rc2 Kc6 32. Kf3 Ra5 33. Ke4 Ra4+
34. Kf3 Ra5 35. Ke4 Ra4+ 36. Kf5 Kd7 37. e4 Ra3 38. c6+ Kc7 39. Ke6 Rxh3 40. Kf7
Rf3 41. Kxg7 Rf4 42. g5 fxg5 43. Kxh7 Rxe4 44. Kg6 Rf4 45. Kxg5 Rf3 46. Kg4 e4
47. Re2 1/2-1/2

[Event "59th World Juniors 2022"]
[Site "Cala Gonone ITA"]
[Date "2022.10.21"]
[Round "10.19"]
[White "Horvath, Dominik"]
[Black "Zemach, Nadav"]
[Result "1-0"]
[WhiteTitle "IM"]
[BlackTitle "FM"]
[WhiteElo "2505"]
[BlackElo "2293"]
[WhiteFideId "1642561"]
[BlackFideId "2820927"]
[EventDate "2022.10.12"]

1. e4 e5 2. Nc3 Nf6 3. d4 exd4 4. Qxd4 Nc6 5. Qd3 Bc5 6. Bf4 O-O 7. O-O-O Re8 8.
f3 d6 9. Qd2 Be6 10. Nge2 Qe7 11. Ng3 Rad8 12. Nd5 Bxd5 13. exd5 Nb4 14. Bc4 c6
15. Rhe1 Qd7 16. dxc6 Qxc6 17. a3 Rxe1 18. Rxe1 Nbd5 19. Nf5 Kh8 20. Bg5 Bf2 21.
Bxf6 Nxf6 22. Qg5 Rg8 23. Bxf7 Bxe1 24. Bxg8 Qc7 25. Be6 d5 26. Qe3 Ba5 27. Qxa7
h5 28. Qa8+ Kh7 29. Qf8 d4 30. Ne7 Qd8 31. Bg8+ Kh6 32. Qf7 Qe8 33. Nf5+ Kg5 34.
Qxe8 Nxe8 35. Nxd4 Nf6 36. Be6 Kf4 37. Bc8 Ke3 38. c3 Kf2 39. g4 Bc7 40. h4 g5
41. hxg5 h4 42. gxf6 Bf4+ 43. Kc2 h3 44. f7 Bd6 45. f4 h2 46. Bxb7 1-0

[Event "59th World Juniors 2022"]
[Site "Cala Gonone ITA"]
[Date "2022.10.21"]
[Round "10.20"]
[White "Milosevic, Milos"]
[Black "Neelash, Saha"]
[Result "0-1"]
[WhiteTitle "FM"]
[BlackTitle "IM"]
[WhiteElo "2379"]
[BlackElo "2446"]
[WhiteFideId "964875"]
[BlackFideId "5094160"]
[EventDate "2022.10.12"]

1. e4 c5 2. Nf3 Nc6 3. d4 cxd4 4. Nxd4 e6 5. Nc3 Qc7 6. Qd3 a6 7. Nxc6 Qxc6 8.
Qg3 Nf6 9. Bd3 d6 10. O-O h5 11. Bg5 Be7 12. f4 Bd7 13. e5 h4 14. Bxh4 Ng4 15.
Qxg4 Rxh4 16. Qxg7 O-O-O 17. h3 dxe5 18. fxe5 Bc5+ 19. Kh2 f5 20. Be2 Qc7 21.
Qg3 Rb4 22. Kh1 Bd4 23. Rab1 Bxe5 24. Qg5 Qb6 25. Nd1 Bc7 26. c4 Qd6 27. Kg1 Bc6
28. Kf2 Bb6+ 29. Ke1 Bxg2 0-1

[Event "59th World Juniors 2022"]
[Site "Cala Gonone ITA"]
[Date "2022.10.21"]
[Round "10.21"]
[White "Gurel, Ediz"]
[Black "Mladek, Richard"]
[Result "1-0"]
[WhiteTitle "IM"]
[BlackTitle "FM"]
[WhiteElo "2445"]
[BlackElo "2371"]
[WhiteFideId "44507356"]
[BlackFideId "386588"]
[EventDate "2022.10.12"]

1. e4 e5 2. Nf3 Nc6 3. Bb5 a6 4. Ba4 Nf6 5. O-O Nxe4 6. d4 b5 7. Bb3 d5 8. dxe5
Be6 9. Nbd2 Be7 10. Qe2 Nc5 11. c3 O-O 12. Nd4 Qd7 13. Bc2 f6 14. N2f3 Bg4 15.
exf6 Bxf6 16. Nxc6 Qxc6 17. Be3 g6 18. Rad1 Bg7 19. Bxc5 Bxf3 20. gxf3 Qxc5 21.
Rxd5 Rae8 22. Rxc5 Rxe2 23. Bb3+ Kh8 24. Rxc7 Rd8 25. Kg2 Bh6 26. Ra7 Bf4 27.
Rxa6 Rxb2 28. Re1 Rdd2 29. Re7 Rxf2+ 30. Kh3 Bb8 31. Re8+ Kg7 32. Rxb8 Rxf3+ 33.
Kg4 Rbf2 34. Rb7+ Kh6 35. Bd5 Rf5 36. h4 Rxd5 37. Raa7 Rg5+ 38. hxg5# 1-0

[Event "59th World Juniors 2022"]
[Site "Cala Gonone ITA"]
[Date "2022.10.21"]
[Round "10.22"]
[White "Rohith, Krishna S"]
[Black "Harshavardhan, G B"]
[Result "1-0"]
[WhiteTitle "FM"]
[BlackTitle "IM"]
[WhiteElo "2370"]
[BlackElo "2433"]
[WhiteFideId "46617051"]
[BlackFideId "25059009"]
[EventDate "2022.10.12"]

1. d4 Nf6 2. c4 e6 3. Nf3 c5 4. d5 exd5 5. cxd5 d6 6. Nc3 g6 7. Bf4 a6 8. a4 Bg7
9. h3 O-O 10. e3 Qe7 11. Be2 Nbd7 12. O-O Ne8 13. a5 b5 14. axb6 Nxb6 15. Qb3
Nd7 16. Nd2 Rb8 17. Qc2 Nc7 18. Nc4 Ne5 19. Na5 Bd7 20. Bg3 f5 21. Rfd1 Rb6 22.
Ra2 g5 23. f4 gxf4 24. Bxf4 Ng6 25. Nc4 Nxf4 26. exf4 Rb4 27. Kh1 Nb5 28. Bd3
Bc8 29. Ne2 Bb7 30. b3 Bxd5 31. Bxf5 Qb7 32. Bxh7+ Kh8 33. Rxd5 Qxd5 34. Be4 Qg8
35. Qd3 Rd8 36. Rxa6 d5 37. Qg3 Bf6 38. Bg6 Qg7 39. Ne5 Rf8 40. Qg4 Nc7 41. Rd6
Bxe5 42. Qh5+ Kg8 43. fxe5 Nb5 44. Bh7+ Qxh7 45. Rg6+ Qg7 46. Qg5 Qxg6 47. Qxg6+
Kh8 48. e6 Re4 49. Qh5+ Kg7 50. Qg5+ Kh7 51. Qxd5 Rxe2 52. Qh5+ Kg7 53. Qxe2 Nd4
54. Qe5+ Kg6 55. e7 Re8 56. g4 Kf7 57. Qh5+ Kxe7 58. Qxc5+ 1-0

[Event "59th World Juniors 2022"]
[Site "Cala Gonone ITA"]
[Date "2022.10.21"]
[Round "10.23"]
[White "Olsen, Filip Boe"]
[Black "Jakab, Bela"]
[Result "1-0"]
[WhiteTitle "IM"]
[BlackTitle "FM"]
[WhiteElo "2433"]
[BlackElo "2353"]
[WhiteFideId "1440640"]
[BlackFideId "14933128"]
[EventDate "2022.10.12"]

1. d4 d5 2. c4 e6 3. Nf3 Nf6 4. g3 Be7 5. Bg2 O-O 6. O-O dxc4 7. Ne5 Nc6 8. Nxc6
bxc6 9. Na3 Bxa3 10. bxa3 Nd5 11. Qa4 Nb6 12. Qa5 Bd7 13. a4 Qf6 14. Bf4 Rfc8
15. Rac1 Rab8 16. Rfd1 Nd5 17. Be5 Qe7 18. e4 Qb4 19. Qc5 f6 20. exd5 cxd5 21.
Qxb4 Rxb4 22. Bf4 Bxa4 23. Re1 Kf7 24. Rc3 Bd7 25. h4 a5 26. g4 Rb2 27. Ra3 a4
28. Be3 Rcb8 29. Bf3 Bc6 30. Bf4 R8b7 31. Rae3 Rb1 32. Rxe6 Rxe1+ 33. Rxe1 Rb2
34. Bxc7 c3 35. a3 c2 36. Rc1 g5 37. hxg5 fxg5 38. Kg2 Ke6 39. Be2 Ra2 40. Bd3
Rxa3 41. Bf5+ Ke7 42. Rxc2 Bd7 43. Re2+ 1-0

[Event "59th World Juniors 2022"]
[Site "Cala Gonone ITA"]
[Date "2022.10.21"]
[Round "10.24"]
[White "Milikow, Yoav"]
[Black "Tan, Jun Ying"]
[Result "1-0"]
[WhiteTitle "IM"]
[BlackTitle "CM"]
[WhiteElo "2412"]
[BlackElo "2189"]
[WhiteFideId "2822237"]
[BlackFideId "5710413"]
[EventDate "2022.10.12"]

1. d4 Nf6 2. c4 e6 3. Nc3 Bb4 4. Qc2 Nc6 5. Nf3 d6 6. Bd2 O-O 7. a3 Bxc3 8. Bxc3
a5 9. e4 Re8 10. e5 dxe5 11. dxe5 Nd7 12. O-O-O Qe7 13. h4 Nf8 14. Qe4 Bd7 15.
Bd3 Red8 16. Bb1 Be8 17. Qe3 Rxd1+ 18. Rxd1 Rd8 19. Rg1 b6 20. h5 Qc5 21. Qxc5
bxc5 22. g4 a4 23. Rd1 Rc8 24. Bc2 Nb8 25. Ng5 Bc6 26. f4 Nbd7 27. Ba5 f6 28.
exf6 Nxf6 29. Re1 Re8 30. Bd1 Re7 31. Bc3 h6 32. Nh3 N6d7 33. g5 hxg5 34. Nxg5
Nb6 35. Be2 Nh7 36. Rg1 Nxg5 37. Rxg5 Be4 38. h6 g6 39. Rxc5 Rf7 40. Kd2 Kh7 41.
Ke3 Bc2 42. Bg7 Nc8 43. Ra5 Ne7 44. Ra8 Ng8 45. Be5 Nf6 46. Rc8 Kxh6 47. Rxc7
Rf8 48. Re7 Bf5 49. Bxf6 Rxf6 50. Bd1 g5 51. fxg5+ Kxg5 52. Rg7+ Kh6 53. Rg2 e5
54. Bxa4 Bc8 55. Bc2 Rf4 56. Rg6+ Kh5 57. Rc6 Bb7 58. Rc7 Ba8 59. Rc5 Rf3+ 60.
Ke2 Kg4 61. Rxe5 Rg3 62. Re8 Bf3+ 63. Kd2 Rg2+ 64. Kc3 Kf4 65. Rf8+ Ke3 66. a4
Be2 67. Re8+ Kf4 68. b3 1-0

[Event "59th World Juniors 2022"]
[Site "Cala Gonone ITA"]
[Date "2022.10.21"]
[Round "10.25"]
[White "Brahami, Lamine"]
[Black "Barseghyan, Armen Ar."]
[Result "0-1"]
[WhiteTitle "IM"]
[BlackTitle "IM"]
[WhiteElo "2188"]
[BlackElo "2402"]
[WhiteFideId "7905637"]
[BlackFideId "13306707"]
[EventDate "2022.10.12"]

1. d4 Nf6 2. c4 e6 3. Nf3 a6 4. Nc3 d5 5. cxd5 exd5 6. Bg5 Be6 7. e3 Nbd7 8. Bd3
Bd6 9. O-O c6 10. Qc2 Qc7 11. Rfe1 O-O 12. e4 dxe4 13. Nxe4 Nxe4 14. Bxe4 h6 15.
Bh4 Rfe8 16. Rad1 Bg4 17. Bg3 Nf6 18. Bf5 Bxf3 19. gxf3 Rxe1+ 20. Rxe1 Qa5 21.
Re2 Rd8 22. Be5 Bxe5 23. dxe5 Nd5 24. e6 fxe6 25. Bxe6+ Kh8 26. Bxd5 Qxd5 27.
Qe4 Qxa2 28. Qe7 Qd5 29. h4 Qd7 30. Kg2 a5 31. Qe4 Qf7 32. Qg4 Rd6 33. h5 Rd5
34. f4 Rxh5 35. Qc8+ Kh7 36. Re8 Rf5 37. Re4 Qg6+ 38. Kf3 Rb5 39. Re8 Rb3+ 40.
Re3 Rxb2 41. f5 Qh5+ 42. Kg2 Qg4+ 43. Rg3 Qe4+ 44. Kh3 Qh1+ 45. Kg4 Rb4+ 46. f4
Qd1+ 0-1

[Event "59th World Juniors 2022"]
[Site "Cala Gonone ITA"]
[Date "2022.10.21"]
[Round "10.26"]
[White "Bournel, Antoine"]
[Black "Abdurakhmonov, Mukhammadali"]
[Result "0-1"]
[WhiteTitle "FM"]
[BlackTitle "FM"]
[WhiteElo "2402"]
[BlackElo "2345"]
[WhiteFideId "26093553"]
[BlackFideId "14207346"]
[EventDate "2022.10.12"]

1. d4 Nf6 2. c4 e6 3. Nf3 d5 4. Nc3 dxc4 5. e4 b5 6. e5 Nd5 7. Nxb5 Nb6 8. Be2
Nc6 9. Be3 Qd7 10. Nc3 Be7 11. a3 Bb7 12. Qc2 Na5 13. Rd1 O-O-O 14. Nd2 f5 15.
exf6 gxf6 16. Bf3 Bxf3 17. Nxf3 Qc6 18. O-O Rhg8 19. d5 exd5 20. Qf5+ Kb7 21.
Nd4 Qd7 22. Ne6 c6 23. Bxb6 axb6 24. Nxd8+ Rxd8 25. Qxh7 Bd6 26. Qxd7+ Rxd7 27.
Rfe1 Nb3 28. Re6 Be5 29. f4 Bxf4 30. Rxf6 Bc1 31. h4 Bxb2 32. Rf3 Rh7 33. g3
Bxa3 34. Kg2 d4 35. Ne4 Re7 36. Nf2 c3 37. Nd3 c5 38. Rf2 c4 39. Nf4 Kc6 40. h5
Bd6 41. Ng6 Re3 42. Rf3 c2 43. Rh1 Re2+ 44. Kh3 d3 45. h6 d2 46. h7 Re8 0-1

[Event "59th World Juniors 2022"]
[Site "Cala Gonone ITA"]
[Date "2022.10.21"]
[Round "10.27"]
[White "Andreev, Konstantin"]
[Black "Lumachi, Gabriele"]
[Result "1/2-1/2"]
[WhiteTitle "CM"]
[BlackTitle "FM"]
[WhiteElo "2206"]
[BlackElo "2387"]
[WhiteFideId "24239305"]
[BlackFideId "2817247"]
[EventDate "2022.10.12"]

1. d4 d5 2. c4 e6 3. Nc3 Nf6 4. cxd5 exd5 5. Bg5 c6 6. e3 h6 7. Bh4 Be7 8. Bd3
O-O 9. Qc2 Re8 10. Nge2 a5 11. f3 Na6 12. a3 Nc7 13. O-O Ne6 14. Bf2 Bd7 15. h3
b5 16. Ng3 b4 17. Na4 Bf8 18. Nc5 Nxc5 19. dxc5 Be6 20. Rad1 bxa3 21. bxa3 a4
22. Rd2 Qc7 23. e4 Ra5 24. exd5 cxd5 25. c6 Bxa3 26. Rb1 d4 27. Rb7 Qd6 28. Bb5
Bc5 29. Bxa4 d3 30. Rxd3 Bd5 31. Nf1 Bxf2+ 32. Kxf2 Qf4 33. Bb3 Bxb3 34. Rbxb3
Ne4+ 35. Kg1 Nc5 36. Re3 Rc8 37. Rbc3 Ne6 38. Qb3 Rc7 39. Qb8+ Kh7 40. Qb1+ g6
41. Re4 Qf6 42. Qb4 Ra1 43. Rc2 Rd1 44. Kf2 Rd4 45. Rxd4 Qxd4+ 46. Qxd4 Nxd4 47.
Rc4 Nxc6 1/2-1/2

[Event "59th World Juniors 2022"]
[Site "Cala Gonone ITA"]
[Date "2022.10.21"]
[Round "10.28"]
[White "Utsab, Chatterjee"]
[Black "Kozak, Antoni"]
[Result "1/2-1/2"]
[WhiteElo "2345"]
[BlackElo "2440"]
[WhiteFideId "46609148"]
[BlackFideId "21832030"]
[EventDate "2022.10.12"]

1. e4 c6 2. d4 d5 3. exd5 cxd5 4. Nf3 Nc6 5. Bb5 Qa5+ 6. Nc3 Bg4 7. h3 Bxf3 8.
Qxf3 e6 9. O-O a6 10. Bxc6+ bxc6 11. Bf4 Nf6 12. Ne2 Be7 13. c4 O-O 14. c5 Nd7
15. Rfb1 Bf6 16. b4 Qd8 17. Bd6 Re8 18. a4 e5 19. Qd3 exd4 20. Nxd4 Qc8 21. Ra2
Ne5 22. Bxe5 Rxe5 23. Rc2 Re4 24. Nxc6 Qxc6 25. b5 axb5 26. axb5 Qe6 27. Rcc1
Qf5 28. b6 Re1+ 29. Rxe1 Qxd3 30. c6 Rf8 31. c7 Qc4 32. Rec1 Bc3 33. b7 Qxc7 34.
Rxc3 Qxc3 35. b8=Q Qe1+ 36. Kh2 Qe7 37. Qf4 Rd8 38. Qd4 Qc7+ 39. g3 Qc4 40. Qb6
Re8 41. Rd1 h5 42. Rd4 Qa2 43. Kg2 Qa8 44. Qd6 Rd8 45. Qe5 Qa1 46. Kh2 Qb2 47.
Kg1 Qc1+ 48. Kh2 Qc5 49. Kg2 g6 50. h4 Qd6 51. Qg5 Kg7 52. Qd2 Qe5 53. Qd3 Rd6
54. Qd2 Rd7 55. Qd3 Qf6 56. Qd2 Qc6 57. Kg1 Rd6 58. Qb2 Kg8 59. Qd2 Qb5 60. Kg2
Qb7 61. Qg5 Qc6 62. Qe5 Kh7 63. Kg1 Rd7 64. Kg2 Qe6 65. Qg5 Qe2 66. Qf4 Kg7 67.
Qg5 Ra7 68. Rf4 Qe6 69. Rd4 Ra5 70. Qd2 Rc5 71. Qd1 Qe5 72. Qd2 Qf6 73. Rxd5
Rxd5 74. Qxd5 Qc3 75. Qe4 1/2-1/2

[Event "59th World Juniors 2022"]
[Site "Cala Gonone ITA"]
[Date "2022.10.21"]
[Round "10.29"]
[White "Vagman, Roy"]
[Black "Baenziger, Fabian"]
[Result "1/2-1/2"]
[WhiteTitle "FM"]
[BlackTitle "IM"]
[WhiteElo "2274"]
[BlackElo "2439"]
[WhiteFideId "2828995"]
[BlackFideId "1330110"]
[EventDate "2022.10.12"]

1. e4 c5 2. Nf3 d6 3. Bb5+ Nd7 4. Ba4 Nf6 5. O-O e6 6. c4 Nxe4 7. Re1 Nf6 8. d4
cxd4 9. Nxd4 Be7 10. Rxe6 fxe6 11. Nxe6 Qa5 12. c5 b5 13. Bxb5 Kf7 14. Ng5+ Kf8
15. Ne6+ Kf7 16. Ng5+ Kf8 17. Ne6+ Kf7 18. Ng5+ 1/2-1/2

[Event "59th World Juniors 2022"]
[Site "Cala Gonone ITA"]
[Date "2022.10.21"]
[Round "10.30"]
[White "Siddharth, Jagadeesh"]
[Black "Lux, Hugo de Melo"]
[Result "1/2-1/2"]
[WhiteTitle "IM"]
[BlackTitle "FM"]
[WhiteElo "2415"]
[BlackElo "2309"]
[WhiteFideId "5818320"]
[BlackFideId "2138298"]
[EventDate "2022.10.12"]

1. d4 Nf6 2. c4 e6 3. Nc3 Bb4 4. e3 b6 5. Ne2 c5 6. a3 Ba5 7. Rb1 Qe7 8. Bd2 O-O
9. b4 cxb4 10. axb4 Bxb4 11. Rxb4 Qxb4 12. Nd5 Qa3 13. Bb4 Qb2 14. Bc3 Qa3 15.
Bb4 Qb2 16. Bc3 Qa3 17. Bb4 1/2-1/2